Dans quelle préfecture a été prise cette photo ? 2 - Statistiques

Statistiques générales
  • Ce quiz a été pris 40 fois
  • Le résultat moyen est 33 sur 53
Statistiques - réponses
Par images Hint Réponse % Correct
P Paris
94%
V Versailles
94%
R Rouen
85%
C Chambéry
82%
L Lille
82%
L Lyon
82%
A Avignon
79%
B Belfort
79%
N Nevers
79%
C Colmar
76%
A Annecy
74%
A Arras
74%
B Beauvais
74%
S Strasbourg
74%
T Toulon
74%
B Bobigny
71%
N Nancy
71%
A Albi
68%
B Bordeaux
68%
C Créteil
68%
N Niort
68%
P Perpignan
65%
C Châteauroux
62%
M Metz
62%
P Poitiers
62%
B Basse-Terre
59%
P Pau
59%
C Cayenne
56%
L Laval
56%
N Nanterre
56%
A Amiens
53%
C Clermont-Ferrand
53%
E Epinal
53%
L Limoges
53%
M Montauban
53%
A Angoulême
50%
F Fort-de-France
50%
M Melun
50%
S Saint-Denis
50%
A Auxerre
47%
C Châlons-en-Champagne
47%
C Chaumont
47%
E Evry-Courcouronnes
47%
L La Roche-sur-Yon
47%
L Le Mans
47%
T Tarbes
47%
V Vannes
47%
A Alençon
44%
B Bar-le-Duc
44%
C Cergy
44%
M Mamoudzou
44%
V Vesoul
44%
M Mâcon
41%
Aucun quiz correspondant
Distribution des résultats
% des personnes avec chaque résultat
Percentile par nombre de réponses
Votre historique - résultats
Vous n’avez pas pris ce quiz